000 00455nam a22001817a 4500
005 20251108175619.0
008 250721s9999 xx 000 0 eng d
082 1 4 _aJ/F/PER
100 1 _aperrault, charles
245 1 0 _acinderella /
264 _bhome applied training,
300 _a[27P.]
650 1 7 _aFiction
653 _aناشئون صغار(10-14) سنة
700 1 _ameissner, andressa
_eIllus.
942 _2ddc
_cBK
999 _c138281
_d138281